| 000 | 00863nac a22002777a 4500 | ||
|---|---|---|---|
| 001 | BR0100304 | ||
| 003 | BR-BrBNA | ||
| 005 | 20240105122505.0 | ||
| 008 | 230509b bl.|||m| |||| 00| 0 por d | ||
| 040 |
_aBR-BrBNA _bpor _cBiblioteca Nacional de Agricultura |
||
| 072 | _aF60 | ||
| 090 | _a1410 BR0100304 | ||
| 100 | 1 | _aSteinmetz, S. | |
| 110 | 1 |
_aEMBRAPA Arroz e Feijao, Goiania, GO (Brasil) _93568 |
|
| 245 | 1 | _aEvapotranspiracao maxima no cultivo de feijao de inverno | |
| 260 | 3 |
_aGoiania, GO (Brasil): _c1997. |
|
| 300 | _a2 p. | ||
| 490 |
_aPesquisa em Foco - EMBRAPA Arroz e Feijao (Brazil) _vno. 8 _xISSN 1415-2304 |
||
| 650 | _aFeijao | ||
| 650 | _aIrrigacao | ||
| 650 | _aPratica Cultural | ||
| 650 | _aEvapotranspiracao | ||
| 650 | _aCondutividade Hidraulica | ||
| 909 |
_a202312 _bLúcia Elande _c55 _dLúcia Elande |
||
| 942 |
_2AGRIS _n0 _cMS |
||
| 999 |
_c291305 _d291305 |
||